000 00661nam a2200253Ia 4500
005 20250425162730.0
008 250425s9999 xx 000 0 und d
020 _a0471613266
041 _aeng
082 _a338.7
100 _aSOBEL, ROBERT
245 0 _aTRAMMEL CROW, MASTER BUILDER:THE STORY OF AMÉRICAS LARGES REAL ESTATE EMPIRE
250 _aS.E
260 _aEstados Unidos
_bJOHN WILEY & SONS
_c1989
260 _aNEW YORK
300 _a254
500 _aDONADO POR GUILLERMO AROSEMENA
650 _aBIOGRAFIAS
650 _aHISTORIA
650 _aINDUSTRIAS
710 _aJOHN WILEY & SONS, LTD
942 _c01
010 _a103858
999 _c235307
_d235307